000 00379nam a22001337a 4500
082 _a625.763
_bABD
100 _aA. Rashid Khan
_944923
245 _aLowari Tunnel
_bGovernment of N.W.F.P Alternative Proposal for the Construction of Lowari Tunnel
250 _a2001
300 _a27 P, :
526 _a0
_b0
_c0
_d625_763000000000000_ABD
650 _aMCE
_9379
942 _2ddc
_cBK
999 _c548577
_d548577